Mission Aatmanirbhar Bharat : (Record no. 213334)

MARC details
000 -LEADER
fixed length control field 00692nam a22002057a 4500
005 - DATE AND TIME OF LATEST TRANSACTION
control field 20250904132427.0
010 ## - LCCN (DPL NO)
LC control number ENG-146639
020 ## - INTERNATIONAL STANDARD BOOK NUMBER
International Standard Book Number 9788175102613
Terms of availability 350.00
035 ## - SYSTEM CONTROL NUMBER
System control number EN-130171
037 ## - SOURCE OF ACQUISITION
Source of stock number/acquisition DBAD
082 ## - DEWEY DECIMAL CLASSIFICATION NUMBER
Classification number 320.1
Edition number 1
100 ## - MAIN ENTRY--PERSONAL NAME
Personal name Sarkar, Subhas
245 ## - TITLE STATEMENT
Title Mission Aatmanirbhar Bharat :
Statement of responsibility, etc by Nurani Neelakantan and Susanta Mukhopadhyay
Remainder of title The Resolve to Convert the Crisis into Opportunity/
250 ## - EDITION STATEMENT
Edition statement 1
260 ## - PUBLICATION, DISTRIBUTION, ETC. (IMPRINT)
Place of publication, distribution, etc New Delhi
Name of publisher, distributor, etc Reliance Publising House
Date of publication, distribution, etc 2021
270 ## - ADDRESS
Address 6/1 South Patel Nagar
City New Delhi
Electronic mail address rbhbooks@gmail.com
Telephone number .11025708428
300 ## - PHYSICAL DESCRIPTION
Extent 200p.
Dimensions 24cm(pbk)
700 ## - ADDED ENTRY--PERSONAL NAME
9 (RLIN) 84716
Personal name Mukhopadhyay, Susanta
942 ## - ADDED ENTRY ELEMENTS (KOHA)
Source of classification or shelving scheme Dewey Decimal Classification
Item type English Books
Call number suffix 320.1
Classification part SAR
Edition 1
Holdings
Withdrawn status Lost status Not for loan Collection code Home library Current library Date acquired Source of acquisition Cost, normal purchase price Full call number Barcode Copy number Cost, replacement price Koha item type
    Not For Loan Non-fiction D.B.Act.Division D.B.Act.Division 04/09/2025 DBAD 350.00 320.1 SAR EN-130171 1 350.00 English Books

© Delhi Public Library
Hit Counter
free hit counter